000
00328nam a2200145 a 4500
008
001228s1976||||xx 0 und c
040
_a
SNK
_b
slo
_c
SNK
_e
AACR2
100
1
_a
Forsyth, Frederick
245
1
0
_a
Ĺ akal
260
_a
Bratislava
_b
Smena
_c
1976
300
_a
387 s.
020
_c
32
044
_a
xo
_c
SK
041
_a
slo
999
_c
10569
_d
10569